ភាពក្រីក្រ និងតំរូវការឥណទានរបស់ប្រជាកសិករនៅភូមិត្រពាំងនំ (Record no. 159)
[ view plain ]
| 000 -LEADER | |
|---|---|
| fixed length control field | 00512nam a22001457a 4500 |
| 003 - CONTROL NUMBER IDENTIFIER | |
| control field | OSt |
| 005 - DATE AND TIME OF LATEST TRANSACTION | |
| control field | 20150908171208.0 |
| 008 - FIXED-LENGTH DATA ELEMENTS--GENERAL INFORMATION | |
| fixed length control field | 150908b xxu||||| |||| 00| 0 eng d |
| 040 ## - CATALOGING SOURCE | |
| Transcribing agency | RUA |
| 082 ## - DEWEY DECIMAL CLASSIFICATION NUMBER | |
| Classification number | AGR ភាវ 1993 B008 Or.1 |
| 100 ## - MAIN ENTRY--PERSONAL NAME | |
| 9 (RLIN) | 178 |
| Personal name | ភាវ សុវុធ្ឋី |
| 245 ## - TITLE STATEMENT | |
| Title | ភាពក្រីក្រ និងតំរូវការឥណទានរបស់ប្រជាកសិករនៅភូមិត្រពាំងនំ |
| 300 ## - PHYSICAL DESCRIPTION | |
| Extent | 77p. |
| Dimensions | ill. |
| Size of unit | 29cm. |
| 942 ## - ADDED ENTRY ELEMENTS (KOHA) | |
| Source of classification or shelving scheme | |
| Koha item type | AGR |
| Price effective from | Date last seen | Permanent Location | Not for loan | Date acquired | Date last checked out | Source of classification or shelving scheme | Koha item type | Total Checkouts | Barcode | Lost status | Damaged status | Withdrawn status | Current Location | Full call number |
|---|---|---|---|---|---|---|---|---|---|---|---|---|---|---|
| 2015-09-08 | 2016-09-20 | Library Block B | 2015-09-08 | 2016-09-10 | AGR | 1 | RUA005350 | Library Block B | AGR ភាវ 1993 B008 Or.1 | |||||
| 2015-09-08 | 2015-09-08 | Library Block B | 2015-09-08 | AGR | RUA005562 | Library Block B | AGR ភាវ 1993 B008 Or.2 | |||||||
| 2016-06-15 | 2016-06-15 | Library Block B | 2016-06-15 | AGR | RUA057367 | Library Block B | AGR ភាវ 1993 B008 Or.3 |